<?xml version="1.0" encoding="UTF-8"?>
<record
    xmlns:xsi="http://www.w3.org/2001/XMLSchema-instance"
    xsi:schemaLocation="http://www.loc.gov/MARC21/slim http://www.loc.gov/standards/marcxml/schema/MARC21slim.xsd"
    xmlns="http://www.loc.gov/MARC21/slim">

  <leader>01881cam a2200373 a 4500</leader>
  <controlfield tag="001">16900121</controlfield>
  <controlfield tag="003">NUST</controlfield>
  <controlfield tag="005">20221117124047.0</controlfield>
  <controlfield tag="008">110802s2011    enk      b    001 0deng  </controlfield>
  <datafield tag="010" ind1=" " ind2=" ">
    <subfield code="a">  2011431894</subfield>
  </datafield>
  <datafield tag="020" ind1=" " ind2=" ">
    <subfield code="a">978-0-19-906477-9(hbk.)</subfield>
  </datafield>
  <datafield tag="020" ind1=" " ind2=" ">
    <subfield code="a">9781849040495 (pbk.)</subfield>
  </datafield>
  <datafield tag="040" ind1=" " ind2=" ">
    <subfield code="a">DLC</subfield>
    <subfield code="c">DLC</subfield>
    <subfield code="d">DLC</subfield>
  </datafield>
  <datafield tag="042" ind1=" " ind2=" ">
    <subfield code="a">pcc</subfield>
  </datafield>
  <datafield tag="043" ind1=" " ind2=" ">
    <subfield code="a">a-bg---</subfield>
  </datafield>
  <datafield tag="050" ind1="0" ind2="0">
    <subfield code="a">DS395.7.A2</subfield>
    <subfield code="b">B67 2011b</subfield>
  </datafield>
  <datafield tag="082" ind1="0" ind2="0">
    <subfield code="a">954.92051, BOS</subfield>
    <subfield code="2">23</subfield>
  </datafield>
  <datafield tag="100" ind1="1" ind2=" ">
    <subfield code="a">Bose, Sarmila.</subfield>
    <subfield code="9">51292</subfield>
  </datafield>
  <datafield tag="245" ind1="1" ind2="0">
    <subfield code="a">Dead reckoning :</subfield>
    <subfield code="b">memories of the 1971 Bangladesh War /</subfield>
    <subfield code="c">Sarmila Bose.</subfield>
  </datafield>
  <datafield tag="260" ind1=" " ind2=" ">
    <subfield code="a">Pakistan</subfield>
    <subfield code="b">Union Enterprises Pub </subfield>
    <subfield code="c">2011.</subfield>
  </datafield>
  <datafield tag="300" ind1=" " ind2=" ">
    <subfield code="a">x, 239 p. ;</subfield>
    <subfield code="c">23 cm.</subfield>
  </datafield>
  <datafield tag="505" ind1="0" ind2=" ">
    <subfield code="a">Introduction: Memories in conflict (Page-1), Call to arms : Bengali nationalist rebellion (Page-17),Military inaction : power without responsibility (Page-29),Military action : "Operation Searchlight" in Dhaka (Page-47),Uncivil war : mobs, mutinies, and madness (Page-71),Village of widows : "securing" the countryside (Page-97),Hounding of Hindus : the politics of minority persecution (Page-115),Hit and run : sabotage and retribution (Page-127),Fratricide : death squads at war's end (Page-149),Words and numbers : memories and monstrous fables (Page-161).</subfield>
  </datafield>
  <datafield tag="650" ind1=" " ind2="0">
    <subfield code="a">Collective memory</subfield>
    <subfield code="z">Bangladesh.</subfield>
    <subfield code="9">51293</subfield>
  </datafield>
  <datafield tag="650" ind1=" " ind2="0">
    <subfield code="a">Interviews</subfield>
    <subfield code="z">Bangladesh.</subfield>
    <subfield code="9">51294</subfield>
  </datafield>
  <datafield tag="650" ind1=" " ind2="0">
    <subfield code="a">War victims</subfield>
    <subfield code="z">Bangladesh</subfield>
    <subfield code="v">Interviews.</subfield>
    <subfield code="9">102844</subfield>
  </datafield>
  <datafield tag="650" ind1=" " ind2="0">
    <subfield code="a">Interviews</subfield>
    <subfield code="z">Bangladesh.</subfield>
    <subfield code="9">51294</subfield>
  </datafield>
  <datafield tag="650" ind1=" " ind2="0">
    <subfield code="a">Bangladesh</subfield>
    <subfield code="v">Biography.</subfield>
    <subfield code="9">102845</subfield>
  </datafield>
  <datafield tag="650" ind1=" " ind2="0">
    <subfield code="a">War and society</subfield>
    <subfield code="z">Bangladesh</subfield>
    <subfield code="x">History</subfield>
    <subfield code="y">20th century.</subfield>
    <subfield code="9">102846</subfield>
  </datafield>
  <datafield tag="651" ind1=" " ind2="0">
    <subfield code="a">Bangladesh</subfield>
    <subfield code="x">History</subfield>
    <subfield code="y">Revolution, 1971</subfield>
    <subfield code="v">Personal narratives.</subfield>
    <subfield code="9">102847</subfield>
  </datafield>
  <datafield tag="651" ind1=" " ind2="0">
    <subfield code="a">Bangladesh</subfield>
    <subfield code="x">History</subfield>
    <subfield code="y">Revolution, 1971</subfield>
    <subfield code="x">Social aspects.</subfield>
    <subfield code="9">102848</subfield>
  </datafield>
  <datafield tag="906" ind1=" " ind2=" ">
    <subfield code="a">7</subfield>
    <subfield code="b">cbc</subfield>
    <subfield code="c">origcop</subfield>
    <subfield code="d">2</subfield>
    <subfield code="e">ncip</subfield>
    <subfield code="f">20</subfield>
    <subfield code="g">y-gencatlg</subfield>
  </datafield>
  <datafield tag="942" ind1=" " ind2=" ">
    <subfield code="2">ddc</subfield>
    <subfield code="c">BK</subfield>
  </datafield>
  <datafield tag="999" ind1=" " ind2=" ">
    <subfield code="c">592351</subfield>
    <subfield code="d">592351</subfield>
  </datafield>
  <datafield tag="952" ind1=" " ind2=" ">
    <subfield code="0">0</subfield>
    <subfield code="1">0</subfield>
    <subfield code="2">ddc</subfield>
    <subfield code="4">0</subfield>
    <subfield code="7">0</subfield>
    <subfield code="a">MCS</subfield>
    <subfield code="b">MCS</subfield>
    <subfield code="c">GEN</subfield>
    <subfield code="d">2022-11-17</subfield>
    <subfield code="l">0</subfield>
    <subfield code="o">954.92051, BOS</subfield>
    <subfield code="p">MCS37993</subfield>
    <subfield code="r">2022-11-17</subfield>
    <subfield code="w">2022-11-17</subfield>
    <subfield code="y">BK</subfield>
    <subfield code="z">Almirah Fresh No.45, Shelf No.6</subfield>
  </datafield>
</record>
